El español del Caribe: ponencias del IV simposio de dialectología
Guardat en:
| Autor principal: | |
|---|---|
| Format: | Llibre |
| Idioma: | espanyol |
| Publicat: |
Santiago
Universidad Católica Madre y Maestra
1982
|
| Col·lecció: | Colección Estudios, 83
|
| Matèries: | |
| Etiquetes: |
Afegir etiqueta
Sense etiquetes, Sigues el primer a etiquetar aquest registre!
|
MARC
| LEADER | 00000nam a2200000 a 4500 | ||
|---|---|---|---|
| 001 | UCJ2900 | ||
| 003 | CL-VaPUC | ||
| 008 | 070119e19820000dr |||||||||||||||||spa|d | ||
| 082 | 0 | 4 | |a 467.9 |b ALB |2 21 |
| 100 | 0 | |a Alba, Orlando |e author |9 503951 | |
| 245 | 1 | 3 | |a El español del Caribe: ponencias del IV simposio de dialectología |
| 300 | |a 318 p | ||
| 942 | |c BK | ||
| 945 | |d 20070119 00:00:00 |a jtorresc | ||
| 260 | |a Santiago |b Universidad Católica Madre y Maestra |c 1982 | ||
| 500 | |a Donación de la Dra. Marianne Peronard Thierry | ||
| 650 | 7 | |a DIALECTOLOGIA |2 CL-VaPUC |9 461785 | |
| 650 | 0 | |a Americanismos |9 255374 | |
| 650 | 0 | |a Gramática española |9 403055 | |
| 650 | 0 | |a Alfabetización |9 310435 | |
| 583 | |a last modification |c 20171220 01:51:39 |k Rodrigo Vera | ||
| 490 | 0 | |a Colección Estudios, 83 | |
| 999 | |c 319029 |d 319027 | ||
| 952 | |0 0 |1 0 |4 0 |6 467_900000000000000_ALB_1982 |7 0 |8 A |9 397262 |a FDOPOS |b FDOPOS |d 2019-11-22 |i 4318773 |o 467.9 ALB 1982 |p 4318773 |r 2025-01-22 |w 2019-11-22 |y BK |k MLA | ||